000 00742nam a2200205Ii 4500
003 JO-AjNU
008 230605s9999||||xx |||||||||||||| ||und||
040 _aJO-AjNU
_bara
_erda
_cJO-AjNU
041 _aara
050 1 4 _aPJ6151 2009
100 3 _aصنفه بن جني، أبو الفتح عثمان؛ حققه حسن محمود هنداوي,
_eauthor
_943701
245 0 0 _aالتنبية على شرح مشكلات الحماسة
250 _aط1
264 3 1 _aالكويت: وزارة الأوقاف والشؤون الاسلامية، 2009
300 _a818ص
336 _atext
_btxt
_2rdacontent
337 _aunmediated
_bn
_2rdamedia
338 _avolume
_bnc
_2rdacarrier
650 4 _aاللغة العربية-النحو
_943702
999 _aA18806
_c22374
_d22374